[Event "Bad Woerishofen op 38th"]
[Site "Bad Woerishofen"]
[Date "2023.03.06"]
[Round "4"]
[White "Korneev, Oleg"]
[Black "Meissner, Felix"]
[Result "1-0"]
[WhiteElo "2476"]
[BlackElo "2359"]
[PlyCount "49"]
[EventDate "2023.03.03"]
[EventType "swiss"]
[EventRounds "9"]
[EventCountry "GER"]
[SourceTitle "CBM 213 Extra"]
[Source "ChessBase"]
[SourceDate "2023.05.31"]
[SourceVersion "1"]
[SourceVersionDate "2023.05.31"]
[SourceQuality "1"]

1. e4 c5 2. Nf3 d6 3. d4 cxd4 4. Nxd4 Nf6 5. f3 e5 6. Nb3 d5 7. Bg5 Be6 8. Bxf6 gxf6 9. exd5 Qxd5 10. Qxd5 Bxd5 11. Nc3 Bb4 12. 0-0-0 Bxb3 13. axb3 Bxc3 14. bxc3 Ke7 15. Bd3 Nc6 16. f4 exf4 17. Rhf1 Ne5 18. Rxf4 Rag8 19. g3 h5 20. Rdf1 Rh6 21. Ra4 a6 22. Be4 Rb8 23. Rf4 Ng4 24. Bg2 Nxh2 25. Rh4 1-0

[Event "Titled Tuesday intern op 28th Feb Late"]
[Site "Chess.com INT"]
[Date "2023.02.28"]
[Round "1"]
[White "Meissner, Felix"]
[Black "Makridis, Dimitrios"]
[Result "1-0"]
[WhiteElo "2359"]
[BlackElo "2387"]
[PlyCount "121"]
[EventDate "2023.02.28"]
[EventType "swiss (blitz)"]
[EventRounds "11"]
[EventCountry "USA"]
[SourceTitle "CBM 213 Extra"]
[Source "ChessBase"]
[SourceDate "2023.05.31"]
[SourceVersion "1"]
[SourceVersionDate "2023.05.31"]
[SourceQuality "1"]

1. e4 c5 2. Nf3 Nc6 3. Bb5 e6 4. 0-0 Nge7 5. Re1 a6 6. Bf1 d6 7. b3 e5 8. c3 g6 9. d4 Bg7 10. dxc5 dxc5 11. Qxd8+ Nxd8 12. a4 f6 13. Na3 Nf7 14. Nc4 Be6 15. Be3 Rc8 16. a5 h5 17. Rad1 Rc6 18. Nfd2 Bh6 19. Bxh6 Nxh6 20. Nb6 Nf7 21. Ndc4 Nc8 22. Nd5 Bxd5 23. exd5 Rc7 24. Ne3 Ncd6 25. c4 g5 26. Bd3 Kf8 27. g3 e4 28. Be2 f5 29. f3 f4 30. Ng2 fxg3 31. hxg3 exf3 32. Bxf3 Kg7 33. Re6 Rh6 34. Rde1 Rd7 35. Ne3 g4 36. Bg2 Ng5 37. Re5 Ngf7 38. Nf5+ Nxf5 39. Rxf5 Nd6 40. Rfe5 Rf7 41. Re7 Rhf6 42. Rxf7+ Kxf7 43. Re5 Kg6 44. Re7 Rf7 45. Re6+ Rf6 46. Re7 Kf5 47. Kf2 Kg5+ 48. Ke3 h4 49. gxh4+ Kxh4 50. Re6 Kg5 51. Rxf6 Kxf6 52. Kf4 Nf5 53. Be4 Nd4 54. d6 Ne6+ 55. Kxg4 Nd4 56. Bxb7 Ke6 57. Bxa6 Nxb3 58. Bc8+ Kxd6 59. a6 Kc7 60. a7 Nd4 61. a8Q 1-0